000 00280nam a2200133Ia 4500
008 240510s9999 xx 000 0 und d
041 _aEng
082 _bNS
245 4 _aThe times atlas of the world
260 _bTimes Book
260 _c1994
942 _2ddc
942 _cLBK
999 _c23995
_d23995
945 _a1
_bMadushi Gamage
_c1
_dMadushi Gamage